00485nam a2200181Ia 4500008004100000020001800041082000800059100001400067245002200081250000600103260002800109300001600137500002400153650001200177942000700189952009000196999001700286230524s9999 xx 000 0 und d a9780198068913 bKAL aRaj Kamal 0aMobile Computing  a2 aNew DelhibOxfordc2013 a"XVI,620p;" aQuantity Number: 1 aComp-Sc cBK 00104070aTATCLbTATCLcGENd2023-05-24l0o KALp54013r2023-05-24w2023-05-24yBK c57631d57631